Cooperación española y gobernabilidad democrática en Iberoamérica /

Guardado en:
书目详细资料
主要作者: Blecua Casas, Ramón
格式: Texto
标签: 添加标签
没有标签, 成为第一个标记此记录!

MARC

LEADER 00000 a a2200000 04500
001 18157
003
040
100 |a Blecua Casas, Ramón  
245 |a Cooperación española y gobernabilidad democrática en Iberoamérica /  |c Ramón Blecua Casas 
773 |g número 27 -28; páginas 131-142  
999 |c 22924  |d 22924